00691nam a2200217 a 4500001001000000003000500010005001700015008004100032010001100073011001100084040000900095100003200104245011100136260003700247300001400284502008100298650002500379650002400404650002300428650002200451000111728CHAP20220329144226.0150722s2014 mx |rm |0|||||spa d a108189 a109161 cCHAP1 aMorelos Guadarrama, Eduardo10aRendimiento de ejote de 25 líneas de soya bombona para consumo humano /cpor Eduardo Morelos Guadarrama. aCocula, Gro. :bEl autor,c2014. axi, 77 h. aTesis (Ing. Agr. en Fitotecnia) -- CSAEGRO. Centro de Estudios Profesionales14aSoyaxGerminación.14aSoyaxMejoramiento.14aSoyaxRendimiento.14aSoyaxVariedades.